| 000 | 00480nam a2200169 i 4500 | ||
|---|---|---|---|
| 001 | 59768 | ||
| 003 | ES-MaACL | ||
| 005 | 20230906164109.0 | ||
| 007 | t| | ||
| 008 | 031030s1934 sp ||||1| spa d | ||
| 100 | 1 |
_aEngelhadrt, Otto. _947217 |
|
| 245 | 1 | 0 |
_aAdiós Alemania con sus barones y fascistas _b: 1931-1934 / _cOtto Engelhardt. |
| 260 |
_aSevilla : _bM. Carmona, _c1934. |
||
| 300 |
_a58 p. ; _c16 cm. |
||
| 852 |
_aES-MaACL _j1790-F-13 |
||
| 852 |
_aES-MaACL _j1788-F-11 |
||
| 999 |
_c59768 _d59768 |
||